বাঙালির চলচ্চিত্রচিন্তা : চলচ্চিত্রের কলারুপ. দ্বিতীয় খণ্ড /

Bibliographic Details
Other Authors: আউয়াল, সাজেদুল, সায়ীদ, আবদুল্লাহ আবু
Format: Unknown
Language:Bengali
Published: ঢাকা : বিশ্বসাহিত্য কেন্দ্র, ২০২৪.
Series:বাঙালির চিন্তামূলক রচনা সংগ্রহ ; ১০৩
বিশ্বসাহিত্য কেন্দ্র প্রকাশনা ; ৫৬০
Subjects:
LEADER 02855 a2200469 4500
001 45490
003 BD-DhAAL
005 20260504180204.0
008 260419t2024 bg ||||| b || 00| 0 ben d
020 |a 9789849815792 
020 |a 9841805596101 
040 |a BD-DhAAL  |d BD-DhAAL 
041 0 |a ben 
082 0 4 |a 791.437095492 
245 0 0 |a বাঙালির চলচ্চিত্রচিন্তা :  |b চলচ্চিত্রের কলারুপ.  |n দ্বিতীয় খণ্ড /  |c সম্পাদক, সাজেদুল আউয়াল ; গ্রন্থমালা সম্পাদক, আবদুল্লাহ আবু সায়ীদ. 
246 3 3 |a Bangalir chintamulok rochona shongroho :  |b cinema [ditiyo khondo] 
246 3 3 |a A collection of Bengali thoughts :  |b cinema [volume : 2] 
260 |a ঢাকা :  |b বিশ্বসাহিত্য কেন্দ্র,  |c ২০২৪. 
300 |a ৪৯২ পৃষ্ঠা ;  |c ২২ সে.মি. 
362 0 |a Vol. 2 
490 0 |a বাঙালির চিন্তামূলক রচনা সংগ্রহ ;  |v ১০৩ 
490 0 |a বিশ্বসাহিত্য কেন্দ্র প্রকাশনা ;  |v ৫৬০ 
500 |a প্রথম প্রকাশ. 
504 |a গ্রন্থপঞ্জিগত নির্দেশিকা অন্তর্ভুক্ত। 
526 8 |a AAL, RS 
541 1 |a Bishwo Shahitto Kendro  |e 45490, 45609 
650 0 |a Motion pictures  |z India  |z Bengal. 
650 0 |a Motion pictures  |z India  |z Bengal.  |x History.  |9 60431 
650 0 |a Motion pictures  |z India  |z West Bengal  |x History.  |9 60460 
650 0 |a Cinema  |z Bengal.  |x History.  |9 60432 
650 0 |a Motion pictures  |z Bangladesh  |x History and criticism.   |9 60461 
650 0 |a Theater  |z India  |z Bengal.  |9 60434 
650 0 |a Bengali literature. 
700 1 |a আউয়াল, সাজেদুল.  |9 60436 
700 1 |a সায়ীদ, আবদুল্লাহ আবু. 
830 0 |a বাঙালির চিন্তামূলক রচনা সংগ্রহ ;  |v ১০৩ 
830 0 |a বিশ্বসাহিত্য কেন্দ্র প্রকাশনা ;  |v ৫৬০ 
852 1 |a Ayesha Abed Library   |c Reference 
942 |2 ddc  |c BK 
999 |c 47770  |d 47770 
952 |0 0  |1 0  |2 ddc  |4 0  |6 791_437095492000000_BAN  |7 1  |9 78909  |a SCL  |b SCL  |c REF  |d 2026-04-19  |e Bishwo Shahitto Kendro  |g 620.00  |l 0  |o 791.437095492 BAN  |p 3020045609  |r 2026-04-19  |t 2  |v 1240.00  |w 2026-04-19  |y BK  |x Requisitioned by Ayesha Abed Library, BRAC University 
952 |0 0  |1 0  |2 ddc  |4 0  |6 791_437095492000000_BAN  |7 1  |9 78910  |a BRACUL  |b BRACUL  |c REF  |d 2026-04-19  |e Bishwo Shahitto Kendro  |g 620.00  |l 0  |o 791.437095492 BAN  |p 3010045490  |r 2026-04-19  |t 1  |v 1240.00  |w 2026-04-19  |y BK  |x Requisitioned by Ayesha Abed Library, BRAC University